Größte Stadt beginnend mit C in Diesem Land - Statistiken

Allgemein
  • Dieses Quiz wurde 378 mal gespielt
  • Das Durchschnittsergebnis liegt bei 6 aus 15
Antwortstatistiken
Land C-Stadt % Korrekt
Australien Canberra
91%
Deutschland Chemnitz
88%
Moldau Chisinau
81%
Sri Lanka Colombo
63%
Neuseeland Christchurch
58%
Guinea Conakry
49%
St.Lucia Castries
36%
Vereinigtes Königreich Cardiff
34%
Bangladesch Chittagong
30%
Benin Cotonou
22%
Spanien Cartagena
14%
Thailand Chiang Mai
8%
Chile Concepcion
8%
Haiti Carrefour
2%
Russland Chabarowsk
2%
Keine übereinstimmenden Quizze gefunden
Verteilung der Resultate
Anzahl Personen mit jedem Resultat
Perzentil nach korrekt beantworteten Fragen
Ihre Resultats-Entwicklung
Sie haben dieses Quiz noch nicht gespielt